000
00292nam a22001097a 4500
999
_c
528865
_d
528865
020
_q
Hard Cover.
_z
9837204761
082
_a
658
100
_a
Promod Batra
245
_a
Management thought starters /
_c
Promod Batra
942
_2
ddc
_c
BK